00484 2200169 4500001002100000005001500021008004100036020002200077035001900099082001100118090001700129100001700146245007900163260002700242300002000269650002500289INLIS00000000000800220241224113553241224||||||||| | ||| |||| ||  a978-979-17385-0-7 0010-12240080020 a297.98 a297.98 ABD b0 aAbd al Malik00aBulan Sabit di Atas Eiffel: Perjalanan Batin Seorang Musisi Mualat Prancis aBandungbMizaniac2008 a233 hlm.; 19 cm 0aSejarah dan Geografi